Wordt geladen...
British statesment in India
| Hoofdauteur: | |
|---|---|
| Formaat: | Printed Book |
| Taal: | English |
| Gepubliceerd in: |
Bombay
Orient Longmans
1961
|
| Onderwerpen: |
| LEADER | 00482nam a22001577a 4500 | ||
|---|---|---|---|
| 005 | 20151215125128.0 | ||
| 008 | 091030t xxu||||| |||| 00| 0 eng d | ||
| 082 | |a 954 |b KUL | ||
| 100 | |a Kulkarni, V.B. |9 6396 | ||
| 245 | |a British statesment in India | ||
| 300 | |a ix, 550p | ||
| 653 | |a India | ||
| 942 | |c BK |6 _ | ||
| 260 | |a Bombay |b Orient Longmans |c 1961 | ||
| 999 | |c 97783 |d 97783 | ||
| 952 | |0 0 |1 0 |2 ddc |4 0 |6 954_KUL |7 0 |9 123201 |a SMS |b SMS |c GEN |d 2009-10-30 |o 954 KUL |p SMS000841 |r 2009-10-30 |w 2009-10-30 |y BK | ||